Statistics for Quiz about Katy Perry

Click here to take the quiz!

General Stats

  • This quiz has been taken 101 times
  • The average score is 13 of 21

Answer Stats

HintAnswer% Correct
Song with Snoop DoggCalifornia Gurls
86%
Katy Perry's most popular songRoar
85%
Song with Juicy JDark Horse
83%
Katy Perry's arch enemyTaylor Swift
82%
Song with Kanye WestE.T.
81%
Song with Nicki MinajSwish Swish
79%
Song with MigosBon Appetit
78%
Katy Perry's second ( famous ) albumTeenage Dream
78%
Katy Perry's third ( famous ) albumPrism
77%
Katy Perry's first ( famous ) albumOne of the Boys
69%
Katy Perry's most recent albumWitness
62%
Inspirational song where Katy Perry is in a desert trying not to give upRise
60%
Katy Perry's favorite songFirework
56%
Performed at a charity event in 2016 following an attack at the concert of which artistAriana Grande
47%
Katy Perry's ex husbandRussel Brand
45%
Song with Skip MarleyChained to the Rythm
37%
One of Katy Perry's ex boyfriendsOrlando Bloom
37%
What is Katy Perry's real nameKatherine Elizabeth Hudson
35%
Close friend of Katy Perry that she has not collabed with yetRihanna
32%
Music video that starts with the aboveWide Awake
32%
Katy Perry's ex boyfriend that was also together with the aboveJohn Mayor
14%

Score Distribution

Percentile by Number Answered

Percent of People with Each Score

Your Score History

You have not taken this quiz